000 00930cam a22002893a 4500
001 5417
003 PGUSA
005 20140828083120.0
008 040401s2004||||xxu|||||s|||||000 1 eng d
040 _aPGUSA
_beng
042 _adc
050 4 _aPS
050 4 _aPZ
100 1 _aAlger, Horatio,
_d1832-1899
245 1 0 _aStruggling Upward, or Luke Larkin's Luck
_h[electronic resource] /
_cHoratio Alger
260 _bProject Gutenberg,
_c2004
506 _aPublic domain in the USA.
516 _aElectronic text
653 _aAdventure and adventurers -- Juvenile fiction
653 _aRobbers and outlaws -- Juvenile fiction
653 _aNew England -- History -- 19th century -- Juvenile fiction
653 _aConduct of life -- Juvenile fiction
653 _aSwindlers and swindling -- Juvenile fiction
830 0 _aProject Gutenberg
_v5417
856 4 0 _uhttp://www.gutenberg.org/ebooks/5417
942 _cEB
999 _c234746
_d234746